000 00217nam a2200097Ia 4500
008 240625s9999 xx 000 0 und d
041 _aeng
100 _aDIGIT
245 _aDIGIT DVD DUAL LAYER MINDWARE
260 _c1909
999 _c34577
_d34577